Logos mal dessinés #1 - Statistiques

Statistiques générales
  • Ce quiz a été pris 173 fois
  • Le résultat moyen est 12 sur 15
Statistiques - réponses
Par images Réponse % Correct
Paris Saint-Germain
99%
Olympique Marseille
98%
Real Madrid
97%
Barcelona
92%
Juventus
92%
Bayern Munich
90%
Arsenal
84%
Borussia Dortmund
84%
AC Milan
83%
Inter Milan
79%
AS Monaco
78%
Porto
66%
Aston Villa
65%
Olympiacos
49%
Crvena Zvezda
48%
Aucun quiz correspondant
Distribution des résultats
% des personnes avec chaque résultat
Percentile par nombre de réponses
Votre historique - résultats
Vous n’avez pas pris ce quiz